| 000 | 00817 a2200217 4500 | ||
|---|---|---|---|
| 003 | Nust | ||
| 005 | 20230123093413.0 | ||
| 010 | _a 79002239 | ||
| 020 | _a0064601862 : | ||
| 040 | _cNust | ||
| 082 | 0 | 0 | _a370.733,SCH |
| 245 | 0 | 4 |
_aThe Student teacher's handbook / _cAndrew I. Schwebel ... [et al.]. |
| 250 | _a1st ed. | ||
| 260 |
_aNew York : _bBarnes & Noble Books, _cc1979. |
||
| 300 |
_aviii, 264 p. ; _c21 cm. |
||
| 490 | 0 | _aThe Barnes & Noble outline series ; CO 186 | |
| 505 | _aPart 1:- Beginnings (Page-3), Part 2:- Relationships (Page-39), Part 3:- Content and Form (Page-125), Part 4:- Today and Tomorrow (Page-193), Part 5:- Useful Knowledge (Page-229). | ||
| 650 | 0 |
_aStudent teaching _xHandbooks, manuals, etc. _9107341 |
|
| 700 | 1 |
_aSchwebel, Andrew I. _9107342 |
|
| 942 |
_2ddc _cBK _k370.733,SCH |
||
| 999 |
_c185793 _d185793 |
||